000 00452nam a2200193Ia 4500
008 210210b1996 xxu||||| |||| 00| 0 eng d
082 _a530 KHAT
100 _aKHANDOJI (M Y) and others.
245 _aTextbook of physics. II PUC.
260 _aBangalore
_bOmkar publications
_c1996
300 _ax,614
650 _aTextbook
650 _aPUC.
650 _aphysics.
650 _aof
650 _aII
690 _aPhysics
906 _a052445
999 _c100469
_d100469